Finish The Michael Scott Quote Quiz Stats

 Plays Quiz not verified by Sporcle

Score 0/19 Timer 05:00
0 Plays Today
Quote Ending % Correct
Thats what...she said
97.8%
I'm not superstitious but I am...a little stitious
58.9%
Fool me once, strike one. Fool me twice...strike three
50.5%
Would I rather be feared or loved? Um...Easy, both. I want people to be... afraid of how much they love me
40.7%
I'm an early bird and a night owl. So I'm wise...and I have worms
38.9%
You don't call retarded people retards. It's bad taste. You call your friends retards...when they're acting retarded
32.5%
The early worm gets...the worm
30.9%
You may look around and see two groups here. White collar and blue collar. But I don't see it that way. You know why not? Because...I am collar blind
28.7%
Myth: Three Americans die every year from rabies. Fact:...four Americans die every year from Rabies
26.4%
There's such a thing as good grief...Just ask Charlie Brown
23.2%
Quote Ending % Correct
It was a crime of passion, Jan. Not a disgruntled employee. Everyone here is...extremely gruntled
17.7%
Yeah I have flaws, like I sing in the shower, I volunteer too much, and occasionally...I hit someone with my car
17%
I love inside jokes...I'd love to be a part of one someday
14.5%
Jim and I are great friends. We hang out a ton...mostly at work
14.1%
The company has made it my responsibility today to put an end to 100,000 years of...being weirded out by gays
13.3%
Abraham Lincoln once said that...'If you are a racist, I will attack you with the North'
13.3%
Here it is. The heart of New York City. Times Square. Named for the...good times you have when you're in it
8.1%
You'll notice, I didn't have anybody being Arab. I thought that would be too explosive, uh, no pun intended. But I just thought, too soon for Arabs, maybe next year. You know...the ball's in their court
7.1%
Wikipedia is the best thing ever. Anyone in the world can write anything they want about any subject...so you know you're getting the best possible information
5.4%

You're not logged in!

Compare scores with friends on all Sporcle quizzes.
OR
Log In

Sporcle TV

Today on Sporcle TV


Watch our educational content, quiz creation guides, and fun videos on Sporcle TV.

Show Comments

Extras

Top Quizzes Today


Score Distribution

Your Account Isn't Verified!

In order to create a playlist on Sporcle, you need to verify the email address you used during registration. Go to your Sporcle Settings to finish the process.

Report this User

Report this user for behavior that violates our Community Guidelines.

Details: